000 00610nam a22002057a 4500
003 OSt
005 20250818062255.0
008 250818b |||||||| |||| 00| 0 eng d
020 _a978-007-125913-2.
040 _aDWCL-Main lib
_cOC
082 _aCirc. 978-007-125913-2.
100 _aBaker, Richard E.
245 _aAdvanced financial accounting/
_cRichard E. Baker
250 _a 7th ed.
260 _aBoston :
_bMcGraw-Hill/Irwin,
_c c2008.
300 _a xxiv, 1046 p.
_b : ill. ;
_c28 cm.
504 _aIncludes index.
650 _a1. Includes index.
942 _2ddc
_cBK-CIRC
_e7th ed.
_kCirc.
_n0
999 _c4017
_d4017